000 01062cam a2200277 a 4500
001 000005523
005 20200929151711.0
008 970123s1996 sp b 001 0 spa
020 _a8437614724
040 _aDO-SdBNP
_cDLC
_dDLC
082 _a862.3
_bC146p
100 1 _aCalderón de la Barca, Pedro,
_d1600-1681.
_95547
245 1 3 _aEl príncipe constante y esclavo por su patria /
_cPedro Calderón de la Barca ; edición de Fernando Cantalapiedra y Alfredo Rodríguez López Vázquez.
260 _aMadrid :
_bCátedra,
_c1996.
300 _a247 p. ;
_c18 cm.
490 1 _aLetras hispánicas
_v415
504 _aIncluye referencias bibliográficas (p. 69-78).
650 4 _aTeatro español
_93071
650 4 _aLiteratura española
_9632
600 1 4 _aCALDERÓN DE LA BARCA, PEDRO,
_d1600-1681
_tPRINCIPE CONSTANTE
_915630
700 1 _aCantalapiedra, Fernando,
_eed.
_915631
700 1 _aRodríguez López Vázquez, Alfredo,
_d1932-
_eed.
_914988
830 0 _aLetras hispánicas ;
_v415
_94208
910 _aCatalogación por copia / LC
910 _aWM
999 _c5322
_d5322